Sports Quiz

Random Sports or Letter Quiz

9-Letter Premier League Players Quiz Stats

 Plays Quiz not verified by Sporcle

Score 0/20 Timer 02:30
3 Plays Today
% Correct
Rio Ferdinand
97.6%
Les Ferdinand
97.5%
Robin van Persie
97%
Jordan Henderson
94.2%
Alexandre Lacazette
91.5%
Edwin van der Sar
91.3%
Daniel Sturridge
89.8%
Jamie Carragher
89%
Gareth Southgate
82.9%
Georginio Wijnaldum
82.7%
% Correct
Freddie Ljungberg
76.8%
Matt Le Tissier
76.7%
Jürgen Klinsmann
75.1%
Mark Schwarzer
74.8%
Steve McManaman
71.9%
Thomas Vermaelen
70.4%
Ryan Shawcross
69.3%
Fabricio Coloccini
67.8%
Roque Santa Cruz
55.2%
Stan Collymore
54.1%

You're not logged in!

Compare scores with friends on all Sporcle quizzes.
OR
Log In

Sporcle TV

Today on Sporcle TV


Watch our educational content, quiz creation guides, and fun videos on Sporcle TV.

Show Comments

Extras

Top Quizzes Today


Score Distribution

Your Account Isn't Verified!

In order to create a playlist on Sporcle, you need to verify the email address you used during registration. Go to your Sporcle Settings to finish the process.

Report this User

Report this user for behavior that violates our Community Guidelines.

Details: